|
|
|
|
| LEADER |
00000nam0a2200000 4500 |
| 001 |
358688 |
| 005 |
20231102011123.0 |
| 035 |
|
|
|a (RuTPU)RU\TPU\retro\15959
|
| 090 |
|
|
|a 358688
|
| 100 |
|
|
|a 20200821d1977 m y0rusy50 ca
|
| 101 |
0 |
|
|a rus
|
| 102 |
|
|
|a RU
|
| 105 |
|
|
|a a j 001zy
|
| 200 |
1 |
|
|a Проектирование автомобильных дорог в районах вечной мерзлоты
|e учебное пособие для вузов
|f Е. И. Шелопаев, Ф. Х. Юрков
|g Красноярский государственный университет ; Красноярский политехнический институт
|
| 210 |
|
|
|a Красноярск
|c Изд-во КПИ
|d 1977
|
| 215 |
|
|
|a 68 с.
|c ил.
|
| 320 |
|
|
|a Библиогр.: с. 65-66
|
| 606 |
1 |
|
|a Автомобильные дороги
|x Проектирование
|2 stltpush
|3 (RuTPU)RU\TPU\subj\1205
|9 29990
|
| 610 |
1 |
|
|a вечная мерзлота
|
| 610 |
1 |
|
|a учебные пособия
|
| 610 |
1 |
|
|a строение
|
| 610 |
1 |
|
|a физико-механические свойства
|
| 610 |
1 |
|
|a земляные полотна
|
| 610 |
1 |
|
|a грунты
|
| 610 |
1 |
|
|a температурный режим
|
| 610 |
1 |
|
|a регулирование
|
| 675 |
|
|
|a 625.72
|v 4
|
| 700 |
|
1 |
|a Шелопаев
|b Е. И.
|g Егор Иванович
|
| 701 |
|
1 |
|a Юрков
|b Ф. Х.
|g Федор Харитонович
|
| 712 |
0 |
2 |
|a Красноярский государственный университет
|2 stltpush
|3 (RuTPU)RU\TPU\col\9
|9 23123
|
| 712 |
0 |
2 |
|a Красноярский политехнический институт
|c (1956-1993)
|2 stltpush
|3 (RuTPU)RU\TPU\col\272
|9 23315
|
| 801 |
|
1 |
|a RU
|b 63413507
|c 20200821
|
| 801 |
|
2 |
|a RU
|b 63413507
|c 20210322
|g RCR
|
| 942 |
|
|
|c BK
|